000 00624nam a22002297a 4500
005 20220722114558.0
008 220721b ||||| |||| 00| 0 eng d
020 _a0716305305
040 _cAL
041 _aEnglish
082 _223
_a330.1
_bCORS
100 _aPaul Corrigan and others
_952643
245 _aSocialism Merit and Efficiency
260 _aLondon
_bFabian society
_c1988
300 _a16 p.
_bPB
_c21x14 cm.
650 _asocialism
_952644
700 _aCORRIGAN (Paul)
_952645
700 _aJONES (Trevor)
_952646
700 _aLIOYD (John)
_952647
700 _aYOUNG (Jock)
_952648
942 _2ddc
_cGF
999 _c224095
_d224095